| 000 | 00668nam a22001577a 4500 | ||
|---|---|---|---|
| 003 | OSt | ||
| 005 | 20160322144945.0 | ||
| 008 | 160322b xxu||||| |||| 00| 0 eng d | ||
| 040 | _cRUA | ||
| 082 | _aFOR EK 2004 B473 Or.1 | ||
| 100 |
_98111 _aEK SUNSAMBATH; ឯក ស៊ុនសម្បត្តិ |
||
| 245 | _aការសិក្សាពីការរៀបចំការគ្រប់គ្រងសហគមន៏ នៅភូមិភ្នំដី ឃុំស្លែងស្ពាន ស្រុកស្រីស្នំ ខេត្តសៀមរាប | ||
| 260 |
_aPhnom Penh _bRUA _c2004 |
||
| 300 |
_av;33p. _bill. _c29cm. |
||
| 942 |
_2ddc _cFOR |
||
| 999 |
_c7720 _d7720 |
||